Biologie et physiologie cellulaire : (Record no. 50420)

MARC details
000 -LEADER
fixed length control field 00846nam a22002177a 4500
003 - CONTROL NUMBER IDENTIFIER
control field 0
005 - DATE AND TIME OF LATEST TRANSACTION
control field 20160609171222.0
008 - FIXED-LENGTH DATA ELEMENTS--GENERAL INFORMATION
fixed length control field 130123t xxu||||| |||| 00| 0 eng d
040 ## - SOURCE DU CATALOGAGE
Original cataloging agency BUAC
Language of cataloging Fre
Transcribing agency BUC
041 ## - CODE DE LANGUE
Language code of text/sound track or separate title Fre
100 ## - VEDETTE PRINCIPALE - NOM DE PERSONNE
Personal name Bourguet, Berkaloff
9 (RLIN) 22353
245 ## - TITLE STATEMENT
Title Biologie et physiologie cellulaire :
Remainder of title I, Cytoplasme et organites cytoplasmiques II, noyeau interplasique/
Statement of responsibility, etc III, Division cellulaire IV, Perméabilité et excitabilité cellulaire V, Cellules et Virus
Medium Berkaloff Bourguet, Favard Guinnebault
260 ## - PUBLICATION, DISTRIBUTION, ETC. (IMPRINT)
Place of publication, distribution, etc Paris
Name of publisher, distributor, etc Hermann
Date of publication, distribution, etc 1969
300 ## - PHYSICAL DESCRIPTION
Extent 311 p.
Dimensions 24 cm .
440 ## - SERIES STATEMENT/ADDED ENTRY--TITLE
Title (Collection Méthode )
9 (RLIN) 22354
504 ## - BIBLIOGRAPHY, ETC. NOTE
Bibliography, etc Comprend : Bibliogr; Indexe pp : 313 - 322
630 ## - SUBJECT ADDED ENTRY--UNIFORM TITLE
Uniform title SCIENCES EXACTES
9 (RLIN) 22355
650 ## - SUBJECT ADDED ENTRY--TOPICAL TERM
Source of heading or term Biologie cellulaire
9 (RLIN) 22356
700 ## - ADDED ENTRY--PERSONAL NAME
Personal name P. Favard M.Guinnebault
9 (RLIN) 22357
942 ## - ADDED ENTRY ELEMENTS (KOHA)
Koha item type Livre
Holdings
Withdrawn status Lost status Damaged status Not for loan Location (home branch) Sublocation or collection (holding branch) Date acquired Source of acquisition Koha issues (times borrowed) Koha full call number Piece designation (barcode) Koha date last seen Copy number Price effective from Koha item type
        Bibliothèque Universitaire Centrale Bibliothèque Universitaire Centrale   Achat   576.3 BER 3176buc 23/01/2013 1 23/01/2013 Livre
        Bibliothèque Universitaire Centrale Bibliothèque Universitaire Centrale   Achat   576.3BER 14350Buc 23/01/2013 2 23/01/2013 Livre
        Bibliothèque Universitaire Centrale Bibliothèque Universitaire Centrale   Achat   576.3BER 14355Buc 23/01/2013 3 23/01/2013 Livre
        Bibliothèque Universitaire Centrale Bibliothèque Universitaire Centrale   Achat   576.3BER 14356Buc 23/01/2013 4 23/01/2013 Livre
        Bibliothèque Universitaire Centrale Bibliothèque Universitaire Centrale   Achat   576.3BER 14357Buc 23/01/2013 5 23/01/2013 Livre
        Bibliothèque Universitaire Centrale Bibliothèque Universitaire Centrale   Achat   576.3BER 18091Buc 23/01/2013 6 23/01/2013 Livre


© 2008, Bibliothèques de l'Université d'Abomey-Calavi

04 BP 789 Cotonou, Tél. : +229 21 36 01 01, Fax : +229 21 35 06 32

Courriel : bu@bu.uac.bj